UBT Library

GOOD REASONS WITH CONTEMPORARY ARGUMENTS (Record no. 17569)

000 -LEADER
fixed length control field 00313nam a22001337a 4500
008 - FIXED-LENGTH DATA ELEMENTS--GENERAL INFORMATION
fixed length control field 170615b xxu||||| |||| 00| 0 eng d
020 ## - INTERNATIONAL STANDARD BOOK NUMBER
International Standard Book Number 9780321364968
041 ## - LANGUAGE CODE
Language code of text/sound track or separate title eng
080 ## - UNIVERSAL DECIMAL CLASSIFICATION NUMBER
Edition identifier 3RD
Universal Decimal Classification number 32
100 ## - Rafti
Rafti 19
101 ## - Shkurtesa
Shkurtesa SHP
245 ## - TITLE STATEMENT
Title GOOD REASONS WITH CONTEMPORARY ARGUMENTS
Statement of responsibility, etc FAIGLEY,L
942 ## - ADDED ENTRY ELEMENTS (KOHA)
Source of classification or shelving scheme
Item type Books
Holdings
Withdrawn status Lost status Source of classification or shelving scheme Damaged status Not for loan Collection code Permanent location Current location Shelving location Date acquired Total Checkouts Full call number Barcode Date last seen Price effective from Koha item type
          Koleksioni i përgjithshem UBT - Lipjan UBT - Lipjan Koleksioni i përgjithshem 06/15/2017   32 FAI 002-29058128 06/15/2017 06/15/2017 Books
UBT Library © 2015-2024. All rights reserved University Education for Business and Technology